Aplikace vybraných ekonomických metod na statistické hodnocení inovací

Guardado en:
Detalles Bibliográficos
Autor principal: Kučera, Jiří
Formato: Libro
Lenguaje:checo
Publicado: Praha Výzkumný ústav soc. ekon. inf. a automat. v říz. 1990
Edición:1. vyd.
Etiquetas: Agregar Etiqueta
Sin Etiquetas, Sea el primero en etiquetar este registro!

MARC

LEADER 00000nam a2200000 4500
001 c022220
005 20221215115733.8
041 0 |a cze 
044 |a CZ 
245 1 0 |a Aplikace vybraných ekonomických metod na statistické hodnocení inovací  |c Jiří Kučera 
250 |a 1. vyd. 
264 1 |a Praha  |b Výzkumný ústav soc. ekon. inf. a automat. v říz.  |c 1990 
300 |a 44 s. 
100 1 |a Kučera, Jiří